000 00451nam a2200145 i 4500
001 30069
003 ES-MaACL
007 t|
008 030123s1955 sp ||||1| spa d
100 1 _aBarros Martínez, Elías.
_926059
245 1 0 _aProvisión de plazas de funcionarios de Administración local /
_cElías Barros Martínez.
260 _aMadrid :
_bAlcubilla,
_c[1955] (
_fSèz)
300 _a146 p. ;
_c22 cm.
852 _aES-MaACL
_jC-9242
_bR.37237
999 _c30069
_d30069